000 00484nam a2200169Ia 4500
008 090123s9999 xx 000 0 und d
082 _b5582
100 _aजोशी आशा
245 _aसमुद्रातली राणी
250 _a1
300 _a79
600 _aजोशी आशा
630 _aसमुद्रातली राणी
700 _aजोशी आशा
730 _aसमुद्रातली राणी
942 _cBOOK
999 _c43646
_d43646